| 000 | 00490nam a22001697a 4500 | ||
|---|---|---|---|
| 005 | 20251108171014.0 | ||
| 008 | 250721s9999 xx 000 0 ara d | ||
| 082 | 1 | 4 | _a364.3/عبد |
| 100 | 1 | _aالجداوي، عبد المنعم | |
| 245 | 1 | 0 | _aالجريمة و الشباب / |
| 264 | 1 |
_aالقاهرة : _bدار الهلال، _c[19-]. |
|
| 300 | _a178ص | ||
| 490 | 0 | _aكتاب الهلال | |
| 650 | 1 | 7 | _aالجريمة والمجرمون |
| 942 |
_2ddc _cBK |
||
| 999 |
_c54189 _d54189 |
||